000 01525cam a22003378i 4500
999 _c41528
_d41528
001 20860799
003 OSt
005 20220919141702.0
008 190221s2019 nyu b 001 0 eng
010 _a 2019008390
020 _a9781904671329
040 _aDLC
_beng
_erda
_cDLC
042 _apcc
050 0 0 _aRC454
_b.F57 2019
082 0 0 _a616.89
_223
_bCAS/F
100 1 _aFish, F. J.
_q(Frank James)
_eauthor.
_99102
245 1 0 _aFish's clinical psychopathology :
_bsigns and symptoms in psychiatry /
_cPatricia Casey, Mater Misericordiae University Hospital, Brendan Kelly, Trinity College Dublin.
246 3 0 _aClinical psychopathology
250 _aThird edition.
264 1 _aNew York, NY :
_bCambridge University Press,
300 _a132 pages
336 _atext
_btxt
_2rdacontent
337 _aunmediated
_bn
_2rdamedia
338 _avolume
_bnc
_2rdacarrier
504 _aIncludes bibliographical references and index.
505 0 _aClassification of psychiatric disorders -- What is psychopathology? controversies in classifying psychiatric disorder -- Disorders of perception -- Disorders of thought and speech -- Disorders of memory -- Disorders of emotion -- Disorders of the experience of self -- Motor disorders -- Disorders of consciousness -- Personality disorders.
650 0 _aPsychology, Pathological.
700 1 _aCasey, Patricia R.
_eauthor.
_99103
700 1 _aKelly, Brendan
_q(Brendan D.)
_eauthor.
_99104
942 _2ddc
_cBK
_h616.89
_iCAS/F
_k616.89
_mCAS/F